|
|
|
|
| LEADER |
00847cam a2200229 7i4500 |
| 001 |
0000078280 |
| 005 |
20230620090000.0 |
| 020 |
|
|
|a 9781003039778 (electronic book)
|
| 090 |
0 |
0 |
|a TP159.C46
|b M38 2023
|
| 245 |
0 |
0 |
|a Materials for chemical sensors
|c editors Subhendu Bhandari and Arti Rushi.
|
| 264 |
|
|
|a Boca Raton, FL:
|b CRC Press,
|c 2023.
|
| 300 |
|
|
|a 1 online resource (iii, 232 pages):
|b text file, PDF.
|
| 336 |
|
|
|a text
|2 rdacontent
|
| 337 |
|
|
|a computer
|2 rdamedia
|
| 338 |
|
|
|a online resource
|2 rdacarrier
|
| 650 |
|
0 |
|a Chemical detectors --
|x Materials
|
| 655 |
|
0 |
|a Electronic books
|
| 700 |
1 |
|
|a Bhandari, Subhendu
|
| 700 |
1 |
|
|a Rushi, Arti
|
| 856 |
4 |
2 |
|u http://library.unisel.edu.my/web/guest/mylibrary
|
| 997 |
|
|
|a Engineering & Life Sciences, Faculty
|b Engineering, Department
|
| 999 |
|
|
|a EBO0020467
|b EBOOK
|c EBOOK
|e Electronic resources
|